01867nam a2200373 a 4500001001200000003000800012006001900020007001500039008004100054010001700095020003200112020002800144040002100172035002100193043001200214050002600226082001800252100002000270245012500290260004300415300002200458504006600480505029700546533015200843650006200995650004301057650007401100650006401174650006401238655002901302710001701331856012601348999001901474ebr10194108CaPaEBRm u cr cn|||||||||070103s2007 nyua sb 001 0 eng  z 2007061463 z9781403977977 (alk. paper) z1403977976 (alk. paper) aCaPaEBRcCaPaEBR a(OCoLC)567827743 an-us---14aPS228.M63bK45 2007eb04a810.9/0052221 aKent, Alicia A.10aAfrican, Native, and Jewish American literature and the reshaping of Modernismh[electronic resource] /cAlicia A. Kent. aNew York :bPalgrave Macmillan,c2007. ax, 230 p. :bill. aIncludes bibliographical references (p. [189]-212) and index.0 aIntroduction -- African Americans: moving from caricatures to creators, Charles Chesnutt and Zora Neale Hurston -- Native Americans: moving from Primitive to Postmodern, Mourning Dove and D'Arcy McNickle -- Jewish Americans: moving from exile to authorship, Abraham Cahan and Anzia Yezierska. aElectronic reproduction.bPalo Alto, Calif. :cebrary,d2013.nAvailable via World Wide Web.nAccess may be limited to ebrary affiliated libraries. 0aAmerican literaturey20th centuryxHistory and criticism. 0aModernism (Literature)zUnited States. 0aAmerican literaturexAfrican American authorsxHistory and criticism. 0aAmerican literaturexIndian authorsxHistory and criticism. 0aAmerican literaturexJewish authorsxHistory and criticism. 7aElectronic books.2local2 aebrary, Inc.40uhttp://site.ebrary.com/lib/rucke/Doc?id=10194108zAn electronic book accessible through the World Wide Web; click to view c221269d221269